<?xml version="1.0" encoding="UTF-8"?><?xml-stylesheet type="text/xsl" href="static/style.xsl"?><OAI-PMH xmlns="http://www.openarchives.org/OAI/2.0/" xmlns:xsi="http://www.w3.org/2001/XMLSchema-instance" xsi:schemaLocation="http://www.openarchives.org/OAI/2.0/ http://www.openarchives.org/OAI/2.0/OAI-PMH.xsd"><responseDate>2026-06-01T10:15:59Z</responseDate><request verb="GetRecord" identifier="oai:riuma.uma.es:10630/7315" metadataPrefix="marc">https://riuma.uma.es/rest/oai/request</request><GetRecord><record><header><identifier>oai:riuma.uma.es:10630/7315</identifier><datestamp>2026-02-03T11:55:08Z</datestamp><setSpec>com_10630_2254</setSpec><setSpec>col_10630_37959</setSpec></header><metadata><record xmlns="http://www.loc.gov/MARC21/slim" xmlns:dcterms="http://purl.org/dc/terms/" xmlns:doc="http://www.lyncode.com/xoai" xmlns:xsi="http://www.w3.org/2001/XMLSchema-instance" xsi:schemaLocation="http://www.loc.gov/MARC21/slim http://www.loc.gov/standards/marcxml/schema/MARC21slim.xsd">
   <leader>00925njm 22002777a 4500</leader>
   <datafield ind2=" " ind1=" " tag="042">
      <subfield code="a">dc</subfield>
   </datafield>
   <datafield ind2=" " ind1=" " tag="720">
      <subfield code="a">Fernández Sánchez, Manuel</subfield>
      <subfield code="e">author</subfield>
   </datafield>
   <datafield ind2=" " ind1=" " tag="260">
      <subfield code="c">2014-03-18</subfield>
   </datafield>
   <datafield ind2=" " ind1=" " tag="520">
      <subfield code="a">Introducción:&#xd;
Una disfunción somática se caracteriza por una restricción de movilidad parcial, normalmente, de los elementos cinéticos. Corresponde a un ajuste defectuoso de la estructura que actúa como una causa primitiva o agravante de un  desorden o enfermedad.&#xd;
Cualquier lesión de miembro inferior, y concretamente generada sobre el pie, ocasiona una serie de adaptaciones fisiopatológicas que se trasmiten en cadenas lesionales ascendentes provocando síntomas o signos cranealmente.&#xd;
Esta disfunción puede afectar a distintos elementos. Para  la corrección de estas, se utilizan técnicas de normalización específicas con efectos específicos o combinados: acción mecánica, refleja…&#xd;
Objetivos:&#xd;
Valorar los desequilibrios patológicos traumáticos del tobillo&#xd;
Establecer la cadena lesional en tobillo y rodilla.&#xd;
Descripción pormenorizada de la unidad propuesta:&#xd;
1.-Conceptos de movilidad y lesiones (15min)&#xd;
	Hiper/hipomovilidad&#xd;
	Ascendentes/descendentes&#xd;
	Lesiones primarias y adaptaciones&#xd;
	Reflejos&#xd;
2.-Contextualización lesional ascendente, repercusiones. (15min)&#xd;
3.-Breve descripción mecánica a nivel de tobillo y rodilla (30 min)&#xd;
4.-Descripción somera patomecánica a nivel de tobillo y rodilla (30 min)&#xd;
5.-Establecimiento y desarrollo de la cadena lesional más frecuente (30min)</subfield>
   </datafield>
   <datafield ind1="8" ind2=" " tag="024">
      <subfield code="a">http://hdl.handle.net/10630/7315</subfield>
   </datafield>
   <datafield tag="653" ind2=" " ind1=" ">
      <subfield code="a">Miembros inferiores - Enfermedades</subfield>
   </datafield>
   <datafield tag="653" ind2=" " ind1=" ">
      <subfield code="a">Fisioterapia</subfield>
   </datafield>
   <datafield ind2="0" ind1="0" tag="245">
      <subfield code="a">Fisiopatología articular y cadenas lesionales en el miembro inferior</subfield>
   </datafield>
</record>
</metadata></record></GetRecord></OAI-PMH>